Поверхностно-активные вещества на основе оксида этилена : (Record no. 49878)
[ view plain ]
| 000 -LEADER | |
|---|---|
| fixed length control field | 01331nam a2200277 u 4500 |
| 001 - CONTROL NUMBER | |
| control field | 000147329 |
| 003 - CONTROL NUMBER IDENTIFIER | |
| control field | AM-YEHGA |
| 005 - DATE AND TIME OF LATEST TRANSACTION | |
| control field | 20250617123026.0 |
| 008 - FIXED-LENGTH DATA ELEMENTS--GENERAL INFORMATION | |
| fixed length control field | 030329s1982 ru |||||||||||||||||rus d |
| 040 ## - CATALOGING SOURCE | |
| Original cataloging agency | AM-YeHGA |
| 041 1# - LANGUAGE CODE | |
| Language code of text/sound track or separate title | rus |
| Language code of original | ger |
| 090 ## - LOCALLY ASSIGNED LC-TYPE CALL NUMBER (OCLC); LOCAL CALL NUMBER (RLIN) | |
| -- | 50648 |
| 100 1# - MAIN ENTRY--PERSONAL NAME | |
| Personal name | Шенфельд, Николаус |
| 245 10 - TITLE STATEMENT | |
| Title | Поверхностно-активные вещества на основе оксида этилена : |
| Remainder of title | Пер. с нем. / |
| Statement of responsibility, etc. | Н. Шенфельд ; Пер. Л.В. Коваленко и др. ; Под ред. Н.Н. Лебедева. |
| 246 15 - VARYING FORM OF TITLE | |
| Title proper/short title | Grenzflachenaktive a thylenoxid-addukte |
| 250 ## - EDITION STATEMENT | |
| Edition statement | 2-е изд. |
| 260 ## - PUBLICATION, DISTRIBUTION, ETC. | |
| Place of publication, distribution, etc. | Москва : |
| Name of publisher, distributor, etc. | Химия, |
| Date of publication, distribution, etc. | 1982. |
| 300 ## - PHYSICAL DESCRIPTION | |
| Extent | 749 с. ; |
| Dimensions | 22 см. |
| 500 ## - GENERAL NOTE | |
| General note | Загл. 1-го изд.: Неионогенные моющие средства - продукты присоединения окиси этилена |
| 534 ## - ORIGINAL VERSION NOTE | |
| Introductory phrase | Оригинал: |
| Title statement of original | Grenzflachenaktive a thylenoxid-addukte / |
| Main entry of original | VON Nikolaus Schnfeldt - |
| Publication, distribution, etc. of original | Stuttgart, 1976 |
| 650 14 - SUBJECT ADDED ENTRY--TOPICAL TERM | |
| Topical term or geographic name entry element | Моющие средства синтетические |
| 650 14 - SUBJECT ADDED ENTRY--TOPICAL TERM | |
| Topical term or geographic name entry element | Этилен, окись |
| General subdivision | Применение в органическом синтезе |
| 700 1# - ADDED ENTRY--PERSONAL NAME | |
| Personal name | Коваленко, Л.В. |
| Relator term | пер. |
| Relationship | trl |
| 700 1# - ADDED ENTRY--PERSONAL NAME | |
| Personal name | Лебедев, Н.Н. |
| Relator term | ред. |
| Relationship | edt |
| 942 ## - ADDED ENTRY ELEMENTS (KOHA) | |
| Source of classification or shelving scheme | Universal Decimal Classification |
| Koha item type | Գրքեր / Books |
| Withdrawn status | Lost status | Source of classification or shelving scheme | Damaged status | Not for loan | Collection | Home library | Current library | Date acquired | Total checkouts | Full call number | Barcode | Date last seen | Price effective from | Koha item type | Public note |
|---|---|---|---|---|---|---|---|---|---|---|---|---|---|---|---|
| Universal Decimal Classification | General | Fundamental Scientific Library | Fundamental Scientific Library | 21/12/2016 | PII/494924 | FL0241725 | 21/12/2016 | 21/12/2016 | Գրքեր / Books | 30 Days Loan |
ՀՀ Գիտությունների ազգային ակադեմիայի հիմնարար գիտական գրադարան = Fundamental Scientific Library of NAS RA
All site content, except where otherwise noted, is licensed under a